000 00510nam a22001697a 4500
003 OSt
005 20260129070923.0
008 260129b |||||||| |||| 00| 0 eng d
020 _a978-971-07-3767-3
040 _aDWCL-Main
_cOC
082 _aFil.170 J11g 2016
100 _aDiaz, Jade M.
245 _aGood character matters grade 10
260 _aQuezon City, Manila :
_bVibal Group,
_cc2016
504 _aIncludes glossary and bibliographical references
942 _2ddc
_cBK - FIL
_ic1
_n0
999 _c7995
_d7995